Звичайний вигляд
Перегляд у МАРК
Входження „Topical Term“
Кількість записів, які використовуються: 1
001 - CONTROL NUMBER
- control field: 23022
003 - CONTROL NUMBER IDENTIFIER
- control field: UA-OsUOA
005 - DATE AND TIME OF LATEST TRANSACTION
- control field: 20260106110252.0
008 - FIXED-LENGTH DATA ELEMENTS
- fixed length control field: 260106|| aca||aabn | a|a d
040 ## - CATALOGING SOURCE
- Original cataloging agency: UA-OsUOA
- Transcribing agency: UA-OsUOA
150 ## - HEADING--TOPICAL TERM
- Topical term or geographic name as entry element: 7.04 Об’єкти та теми художнього зображення. Іконографія. Іконологія. Деталі та оздоблення. Декор. Орнамент
670 ## - SOURCE DATA FOUND
- Source citation: Work cat.: (UA-OsUOA)579601: Жук О. протоієрей 23021, Ікона Божої Матері "Знамення Вілійська", 2021